000 00706nam a2200229 a 4500
001 000004522
005 20240412074202.0
008 090723s2007 dr 000 p spa d
020 _a9789945068177
040 _aDO-SdBNP
_bspa
_cBNPHU
082 _aRD861.5
_bL864a,2007
100 1 _aLópez, Dionicio
_913212
245 1 0 _aAmor fugaz /
_cDionicio López.
250 _a2a. ed.
260 _aSanto Domingo :
_bBúho,
_c2007.
300 _a87 p. ;
_c22 cm.
500 _aIncluye datos biográficos del autor en la solapa de la cubierta
590 _aInventariado, 2019 / DG
650 0 _aPoesía dominicana
_966
650 0 _aLiteratura dominicana.
_967
910 _aValidado. Control de calidad MMOLINA
999 _c4331
_d4331